Mujeres / (Record no. 196796)

MARC details
000 -LEADER
campo de control de longitud fija 01462nam a2200409 i 4500
001 - NÚMERO DE CONTROL
campo de control 196796
003 - IDENTIFICADOR DE NÚMERO DE CONTROL
campo de control ES-MaACL
005 - FECHA Y HORA DE LA ÚLTIMA TRANSACCIÓN
campo de control 20250804062715.0
008 - DATOS DE LONGITUD FIJA--INFORMACIÓN GENERAL
campo de control de longitud fija 241129s2014 sp | |||| 000 f spa
015 ## - NÚMERO DE BIBLIOGRAFÍA NACIONAL
Número de bibliografía nacional MON14
017 ## - NÚMERO DE COPYRIGHT O DE DEPÓSITO LEGAL
Número de copyright o de depósito legal B 227-2014
Agencia que asigna Oficina Depósito Legal Barcelona
020 ## - NÚMERO INTERNACIONAL ESTÁNDAR DEL LIBRO
Número Internacional Estándar del Libro 9788483838471
035 ## - NÚMERO DE CONTROL DEL SISTEMA
Número de control de sistema (OCoLC)879375969
035 ## - NÚMERO DE CONTROL DEL SISTEMA
Número de control de sistema (SpMaBN)a5492351
040 ## - FUENTE DE CATALOGACIÓN
Centro catalogador/agencia de origen SpMaBN
Lengua de catalogación spa
Centro/agencia transcriptor SpMaBN
Normas de descripción rdc
080 ## - NÚMERO DE LA CLASIFICACIÓN DECIMAL UNIVERSAL
Número de la Clasificación Decimal Universal 821.111(73)-31"19"
100 1# - ENTRADA PRINCIPAL--NOMBRE DE PERSONA
Nombre de persona Updike, John,
Fechas asociadas al nombre 1932-2009
9 (RLIN) 239341
Término indicativo de función/relación Autor
240 10 - TÍTULO UNIFORME
Título uniforme Villages
Lenguaje de la obra Español
245 10 - MENCIÓN DEL TÍTULO
Título Mujeres /
Mención de responsabilidad, etc. John Updike ; traducción de Catalina Martínez Muñoz
250 ## - MENCION DE EDICION
Mención de edición Primera edición: marzo 2014
260 ## - PUBLICACIÓN, DISTRIBUCIÓN, ETC.
Lugar de publicación, distribución, etc. Barcelona :
Nombre del editor, distribuidor, etc. Tusquets,
Fecha de publicación, distribución, etc. 2014.
300 ## - DESCRIPCIÓN FÍSICA
Extensión 325 páginas ;
Dimensiones 23 cm
336 ## - TIPO DE CONTENIDO
Término de tipo de contenido Texto (visual)
Fuente isbdcontent
337 ## - TIPO DE MEDIO
Nombre/término del tipo de medio sin mediación
Fuente isbdmedia
338 ## - TIPO DE SOPORTE
Fuente rdacarrier
Nombre/término del tipo de soporte volumen
490 1# - MENCIÓN DE SERIE
Mención de serie Colección Andanzas ;
Designación de volumen o secuencia 829
594 ## - NOTA AL TITULO Y MENCION DE RESPONSABILIDAD
Nota al título y mención de responsabilidad Título original: Villages
655 #0 - TERMINO DE INDIZACIÓN--GENERO/FORMA
Datos o término principal de género/forma Novelas
9 (RLIN) 234319
700 1# - ENTRADA AGREGADA--NOMBRE PERSONAL
Nombre de persona Martínez Muñoz, Catalina
9 (RLIN) 78271
Término indicativo de función/relación Traductor
852 ## - LOCALIZACIÓN
Ubicación ES-MaACL
Ubicación en estantería Depósito J
Número de control de estantería N-10240
Donativo/Legado Donación: José Lázaro García
Encuadernación Encuadernación rústica con solapas
itemnumber 206366
903 ## - NOMBRE PERSONAL DE DONANTE
9 234219
a Lázaro García, José
e Donante
942 ## - ELEMENTOS DE ENTRADA SECUNDARIOS (KOHA)
Tipo de ítem Koha Libro impreso
Suprimir en OPAC No
Holdings
Estatus retirado Estado de pérdida Fuente del sistema de clasificación o colocación Estado de daño No para préstamo Biblioteca de origen Biblioteca actual Ubicación en estantería Fecha de adquisición Fuente de adquisición Total de préstamos Signatura topográfica completa Código de barras Visto por última vez Precio de reemplazo Tipo de ítem Koha
    Clasificación decimal universal     Biblioteca del Ateneo de Madrid Biblioteca del Ateneo de Madrid Depósito J 28/07/2025 Donación   N-10240 2025-0751 28/07/2025 28/07/2025 Libro impreso